Science Quiz

Random Science or Anatomy Quiz

Condensed Bones Quiz Stats

 Plays Quiz Updated Jan 11, 2018

Challenge
Share
Tweet
Embed
Score 0/20 Timer 04:00
0 Plays Today
Clue Bone % Correct
ANDIBLMANDIBLE
92.1%
LNULNA
91%
ETACARPAMETACARPAL
89.3%
EMUFEMUR
89.1%
CAPULSCAPULA
88.6%
IBULFIBULA
87.3%
TERNUSTERNUM
85.1%
ADIURADIUS
85%
EMPORATEMPORAL
83.5%
RONTAFRONTAL
77.6%
Clue Bone % Correct
ACRUSACRUM
69.6%
PHENOISPHENOID
63.1%
NCUINCUS
54.2%
YOIHYOID
49.5%
UBOICUBOID
47%
ALATINPALATINE
46.6%
ALUTALUS
44%
ISIFORPISIFORM
42.3%
UNATLUNATE
39.4%
OMEVOMER
21.8%

You're not logged in!

Compare scores with friends on all Sporcle quizzes.
Join for Free
OR
Log In

You Might Also Like...

Show Comments

Extras

Top Quizzes Today


Score Distribution

Your Account Isn't Verified!

In order to create a playlist on Sporcle, you need to verify the email address you used during registration. Go to your Sporcle Settings to finish the process.

Report this User

Report this user for behavior that violates our Community Guidelines.

Details: